| 000 | 00648nam a2200181Ia 4500 | ||
|---|---|---|---|
| 008 | 100917s9999 xx 000 0 und d | ||
| 082 | _b39990 | ||
| 100 | _aरोहेकर एस्तेर | ||
| 245 | _aनिलकमलातील हेमांगी परी | ||
| 260 |
_bसुंदर साहित्य प्रकाशन _c1868 |
||
| 300 | _a20 | ||
| 365 | _b0.25 | ||
| 520 | _aबालविभाग | ||
| 630 | _aनिलकमलातील हेमांगी परी | ||
| 650 | _aबालविभाग | ||
| 730 | _aनिलकमलातील हेमांगी परी | ||
| 942 | _cBOOK | ||
| 999 |
_c645384 _d645381 |
||